| 000 | 00407nam a22001337a 4500 | ||
|---|---|---|---|
| 005 | 20241111142514.0 | ||
| 008 | 241111b |||||||| |||| 00| 0 eng d | ||
| 020 | _a9780406965134 | ||
| 245 |
_aThe All England Law Reports 2003 Vol. 1 _cEdited by Rose Craig, Barrister |
||
| 260 |
_aUnited Kingdom _bLexisNexis _c2003 |
||
| 300 |
_axx, 1184 pages _c23.5 cm |
||
| 650 |
_2Law Reports _xEngland |
||
| 942 |
_2lcc _cBK _n0 |
||
| 999 |
_c1011 _d1011 |
||